000 00236nam a2200097Ia 4500
008 231212s1936 xx 000 0 und d
041 _aeng
100 _aRamamoorty M.
245 _aAn Introduction To
260 _aNew Delhi
_bAffilat
_c1936
999 _c958928
_d958928